কুলায় ও কালপুরুষ / (Record no. 44136)
[ view plain ]
| 000 -LEADER | |
|---|---|
| fixed length control field | 00896nam a22002297a 4500 |
| 001 - CONTROL NUMBER | |
| control field | 44136 |
| 003 - CONTROL NUMBER IDENTIFIER | |
| rucl marc code | BD-RjUL |
| 005 - DATE AND TIME OF LATEST TRANSACTION | |
| control field | 20211209053814.0 |
| 008 - FIXED-LENGTH DATA ELEMENTS--GENERAL INFORMATION | |
| fixed length control field | 160714s1957 ii ||||| |||| 00| 0 ben d |
| 020 ## - INTERNATIONAL STANDARD BOOK NUMBER | |
| Terms of availability | : IRs 5.50 |
| 035 ## - SYSTEM CONTROL NUMBER | |
| System control number | (BD-RjUL)44254 |
| 040 ## - CATALOGING SOURCE | |
| Original cataloging agency | BD-RjUL |
| Language of cataloging | ben |
| Transcribing agency | BD-RjUL |
| 041 ## - LANGUAGE CODE | |
| Language code of text/sound track or separate title | ben |
| 082 ## - DEWEY DECIMAL CLASSIFICATION NUMBER | |
| Edition number | 23 |
| Classification number | 891.4414 |
| Author mark and year | DAK 1957 |
| 100 ## - MAIN ENTRY--PERSONAL NAME | |
| Personal name | দত্ত, সুধীন্দ্রনাথ |
| 9 (RLIN) | 135511 |
| 245 10 - TITLE STATEMENT | |
| Title | কুলায় ও কালপুরুষ / |
| Statement of responsibility, etc. | সুধীন্দ্রনাথ দত্ত |
| 260 ## - PUBLICATION, DISTRIBUTION, ETC. (IMPRINT) | |
| Place of publication, distribution, etc. | কলকাতা : |
| Name of publisher, distributor, etc. | সিগনেট প্রেস, |
| Date of publication, distribution, etc. | ১৯৫৭ [১৩৬৪] |
| 300 ## - PHYSICAL DESCRIPTION | |
| Pagination | [২৪], ২৭১ পৃ. ; |
| Size | ২১ সেমি. |
| 600 ## - SUBJECT ADDED ENTRY--PERSONAL NAME | |
| Personal name | ঠাকুর, রবীন্দ্রনাথ, |
| Dates associated with a name | ১৮৬১-১৯৪১ |
| Personal name | Tagore, Robindronath, |
| Dates associated with a name | 1861-1941 |
| 942 ## - ADDED ENTRY ELEMENTS (KOHA) | |
| Source of classification or shelving scheme | Dewey Decimal Classification |
| Koha item type | Books |
| Lost status | Source of classification or shelving scheme | Damaged status | Not for loan | Collection code | Permanent Location | Current Location | Shelving location | Date acquired | Source of acquisition | Cost, normal purchase price | Total Checkouts | Full call number | Date last seen | Date checked out | Copy number | Koha item type |
|---|---|---|---|---|---|---|---|---|---|---|---|---|---|---|---|---|
| Dewey Decimal Classification | Non-fiction | Central Library, University of Rajshahi | Central Library, University of Rajshahi | 09/10/1959 | Warri Book Centre | 6.59 | 1 | B 891.4414 DAK 1957 | 19/03/2024 | 04/03/2024 | C-2 | Books | ||||
| Dewey Decimal Classification | Non-fiction | Central Library, University of Rajshahi | Central Library, University of Rajshahi | 14/01/1965 | Ideal Library, Dhaka. | 6.06 | 3 | B 891.4414 DAK 1957 | 12/03/2024 | 10/03/2024 | C-3 | Books | ||||
| Dewey Decimal Classification | Not For Loan | Non-fiction | Central Library, University of Rajshahi | Central Library, University of Rajshahi | Reading Room | 03/12/1958 | Nowroze Kitabstore | 6.90 | B 891.4414 DAK 1957 | 04/03/2017 | C-1 | Books |